| 000 | 01449nam0a22003131 4500 | ||
|---|---|---|---|
| 001 | v19\rc\1826932 | ||
| 005 | 20260405194159.0 | ||
| 035 | _a(NLR Aleph) 004923564 | ||
| 090 |
_a5604025 _c5604025 |
||
| 100 | _a20071224d1907 |||y0rusy50 ca | ||
| 101 | 0 |
_arus _alat |
|
| 102 | _aRU | ||
| 105 | _ay z ||||| | ||
| 200 | 1 |
_aЗначение Цельза в медицине и, в частности, в хирургии _eС прил. полн. пер. 7-й ч. соч. "De medicina" _eДис. на степ. д-ра мед. Александра Бернарда |
|
| 210 |
_aСанкт-Петербург _cтип. И.В. Леонтьева _d1907 |
||
| 215 |
_a[2], 176, [3] с. _d22 |
||
| 225 | 1 |
_aСерия докторских диссертаций, допущенных к защите в Императорской Военно-медицинской академии в 1906-1907 учебном году _v№ 43 |
|
| 700 | 1 |
_aБернард _bА.А. _f1864- _gАлександр Александрович |
|
| 702 | 1 |
_4570 _8rus _7ca _aЦельс _bА. К. _cэнциклопедист _fок.25 до н.э.-ок.50 _gАвл Корнелий _3RU\NLR\AUTH\7785915 _968843 |
|
| 801 | 0 |
_aRU _bNLR _gpsbo |
|
| 801 | 0 |
_aRU _bRuMoRGB _2psbo |
|
| 801 | 1 |
_aRU _bProSoft-M _2rusmarc |
|
| 852 |
_aNLR _j17.126.1.6(№ 43) |
||
| 899 |
_aRuMoRGB _jS 18/870 |
||
| 899 |
_aRuMoRGB _jG 79/307 |
||
| 899 | _aБАН | ||
| 942 | _cBOOK | ||
| 980 | _aNB | ||